| 000 | 00479nam a2200181Ia 4500 | ||
|---|---|---|---|
| 003 | SGT | ||
| 020 | _a9788120314955 | ||
| 082 |
_a421 _bSET |
||
| 100 | _aSethi,J | ||
| 245 | 2 | _aA course in phonetics and spoken english | |
| 250 | _a2nd Ed. | ||
| 260 |
_bPHI Learning Private Limited _aNew Delhi _c2009 |
||
| 300 | _a221p. | ||
| 650 | _aENGLISH | ||
| 653 | _aTHE ORGANS OF SPEECH, THE DESCRIPTION AND CLASSIFICATION,THE PHONEME | ||
| 700 | _aDhamija,P.V | ||
| 942 |
_2ddc _cBK _03 |
||
| 999 |
_c4924 _d4924 |
||